Southville International School and Colleges
Your cart is empty.
  • Cart
  • Lists
    Public lists Eva Luna New books Lux_list list_1
    Your lists Log in to create your own lists
  • Log in to your account
  • Your cookies
  • Search history
Southville International School and Colleges
  • Advanced search
  • Recent comments
  • Most popular
  • Libraries

Log in to your account

Log in with GOOGLE


If you do not have an external account, but do have a local account, you can still log in:

  1. Home
  2. MARC view: Front office operations: a guide to effective customer service
Normal view MARC view ISBD view

Front office operations: a guide to effective customer service (Record no. 365667)

[ view plain ]
MARC details
000 -LEADER
fixed length control field 00624nam a22001937a 4500
003 - CONTROL NUMBER IDENTIFIER
control field 0
005 - DATE AND TIME OF LATEST TRANSACTION
control field 20231123135340.0
008 - FIXED-LENGTH DATA ELEMENTS--GENERAL INFORMATION
fixed length control field 231123b xxu||||| |||| 00| 0 eng d
020 ## - INTERNATIONAL STANDARD BOOK NUMBER
International Standard Book Number 978-621-418-094-3
050 ## - LIBRARY OF CONGRESS CALL NUMBER
Classification number TX 911
Item number .B35 2020
100 ## - MAIN ENTRY--PERSONAL NAME
Personal name Bajao, Grayfield T.
245 ## - TITLE STATEMENT
Title Front office operations: a guide to effective customer service
Statement of responsibility, etc Grayfield T. Bajao
260 ## - PUBLICATION, DISTRIBUTION, ETC. (IMPRINT)
Place of publication, distribution, etc Quezon City
Name of publisher, distributor, etc Wiseman's Book Trading, Inc.
Date of publication, distribution, etc c2020.
300 ## - PHYSICAL DESCRIPTION
Extent x. 334 pages ;
Dimensions 25 cm.
504 ## - BIBLIOGRAPHY, ETC. NOTE
Bibliography, etc Includes bibliographical references.
650 ## - SUBJECT ADDED ENTRY--TOPICAL TERM
Topical term or geographic name as entry element Hotel front desk personnel.
650 ## - SUBJECT ADDED ENTRY--TOPICAL TERM
Topical term or geographic name as entry element Hotel management.
942 ## - ADDED ENTRY ELEMENTS (KOHA)
Source of classification or shelving scheme Library of Congress Classification
Koha item type Books
Holdings
Withdrawn status Lost status Source of classification or shelving scheme Damaged status Home library Current library Shelving location Date acquired Source of acquisition Sub Shelving location Total Checkouts Full call number Barcode Date last seen Price effective from Koha item type
    Library of Congress Classification   College Library College Library Filipiniana Section 11/23/2023 Library Fund     TX 911 .B35 2020 C23164 11/23/2023 11/23/2023 Books
    Library of Congress Classification   College Library College Library Filipiniana Section 11/23/2023 Library Fund     TX 911 .B35 2020 C23165 11/23/2023 11/23/2023 Books

Front office operations: a guide to effective customer service

APA

Bajao G. T., . (2020). Front office operations: a guide to effective customer service. Quezon City: Wiseman's Book Trading, Inc.

Chicago

Bajao Grayfield T, . 2020. Front office operations: a guide to effective customer service. Quezon City: Wiseman's Book Trading, Inc.

Harvard

Bajao G. T., . (2020). Front office operations: a guide to effective customer service. Quezon City: Wiseman's Book Trading, Inc.

MLA

Bajao Grayfield T, . Front office operations: a guide to effective customer service. Quezon City: Wiseman's Book Trading, Inc. 2020.

  • Place hold
  • Print
  • Cite
  • Add to your cart (remove)
  • Save record
    BIBTEX Dublin Core MARCXML MARC (non-Unicode/MARC-8) MARC (Unicode/UTF-8) MARC (Unicode/UTF-8, Standard) MODS (XML) RIS
  • More searches
    Search for this title in:
    Other Libraries (WorldCat) Other Databases (Google Scholar) Online Stores (Bookfinder.com) Open Library (openlibrary.org)

Exporting to Dublin Core...

SOUTHVILLE LIBRARY

Southville International School and Colleges Library

1281 Tropical Ave. Cor. Luxembourg St., BF Homes International, Las Pinas City

Tel. No. 8256374 / 252358 Loc. 117/146

Powered by Koha